Identidad y autogobierno en sociedades multiculturales / (Record no. 172359)

MARC details
000 -CABECERA
campo de control de longitud fija 00781nam a2200241 a 4500
005 - FECHA Y HORA DE LA ÚLTIMA TRANSACCIÓN
campo de control 20240928063802.0
008 - ELEMENTOS DE LONGITUD FIJA--INFORMACIÓN GENERAL
campo de control de longitud fija 141017s2002 es r 000 0 spa d
020 ## - NÚMERO INTERNACIONAL NORMALIZADO PARA LIBROS
Número Internacional Estándar del Libro 8434418207
035 ## - NÚMERO DE CONTROL DEL SISTEMA
Número de control de sistema UPN01000200258
049 ## - COLECCIÓN
Colección CG
050 #4 - SIGNATURA TOPOGRÁFICA DE LA BIBLIOTECA DEL CONGRESO
Número de clasificación JC311
Número de documento/Ítem I3.3
245 00 - MENCIÓN DE TÍTULO
Título Identidad y autogobierno en sociedades multiculturales /
Mención de responsabilidad, etc. coord. William Safran ; tr. Roberto Requejo.
260 ## - PUBLICACIÓN, DISTRIBUCIÓN, ETC.
Lugar de publicación, distribución, etc. Barcelona, Esp. :
Nombre del editor, distribuidor, etc. Ariel,
Fecha de publicación, distribución, etc. 2002.
300 ## - DESCRIPCIÓN FÍSICA
Extensión 346 p. :
Otras características físicas il., tablas, gráfs.
440 #0 - MENCIÓN DE SERIE/ASIENTO SECUNDARIO--TÍTULO
Título Ariel ciencia política
534 ## - NOTA SOBRE LA VERSIÓN ORIGINAL
Frase introductoria Título original:
Mención de título del original Identity and territorial autonomy in plural societies
650 #7 - ASIENTO SECUNDARIO DE MATERIA - TERMINO TEMATICO
Término de materia o nombre geográfico como elemento de entrada Nacionalismo
Fuente del encabezamiento o término
9 (RLIN) 10025
650 #2 - ASIENTO SECUNDARIO DE MATERIA - TERMINO TEMATICO
Término de materia o nombre geográfico como elemento de entrada Etnicidad
9 (RLIN) 14176
650 #2 - ASIENTO SECUNDARIO DE MATERIA - TERMINO TEMATICO
Término de materia o nombre geográfico como elemento de entrada Autonomía
9 (RLIN) 3054
700 1# - ASIENTO SECUNDARIO--NOMBRE DE PERSONAL
Nombre de persona Safran, William,
Término indicativo de función/relación coord.
905 ## - TIPO DE MATERIAL
Tipo de material Libro
Holdings
Estado de retiro Estado de pérdida Fuente del sistema de clasificación o colocación Estado dañado No para préstamo Código de colección Localización permanente Ubicación/localización actual Ubicación en estantería Total de préstamos Clasificación Código de barras Fecha visto por última vez Número de copia Tipo de ítem Koha
    Library of Congress Classification     Colección General Bib. Gregorio Torres Quintero Bib. Gregorio Torres Quintero Planta baja   JC311 I3.3 300966 31/12/2020 1 Libro